| 000 | 00496nam a2200157 i 4500 | ||
|---|---|---|---|
| 001 | 78575 | ||
| 003 | ES-MaACL | ||
| 005 | 20230906173741.0 | ||
| 007 | t| | ||
| 008 | 041015s1933 gw ||||1| ger d | ||
| 100 | 1 |
_aHausen, Horts. _962107 |
|
| 245 | 1 | 4 |
_aDas Prèasidialkabinett _b: eine staatsrechtliche Betrachtung der Kabinette von Brüning bis Hitler / _cvon Horst Hausen. |
| 260 |
_aErlangen : _bVerlag von Palm & Euke, _c1933. |
||
| 300 |
_a75 p. ; _c25 cm. |
||
| 852 |
_aES-MaACL _j1773-F-7 |
||
| 999 |
_c78575 _d78575 |
||